| 000 | 00716 a2200169 4500 | ||
|---|---|---|---|
| 020 | _a0887306136 (paperback) | ||
| 020 | _a9780887306136 (paperback) | ||
| 082 | 0 | 4 | _a658 |
| 090 |
_c5063 _d5063 |
||
| 100 | 1 | _aDrucker, Peter F. | |
| 245 | 1 | 4 |
_aThe practice of management / _cPeter F. Drucker. |
| 260 |
_a[S.l.] : _bCollins, _c1993. |
||
| 300 |
_a416 p. ; _c21 cm. |
||
| 520 | _aThe first book to depict management as a distinct function and to recognize managing as a separate responsibility, this classic work by Peter Drucker is the fundamental and basic book for understanding these ideas. | ||
| 856 | 4 | 0 |
_3Amazon.com _uhttp://www.amazon.com/exec/obidos/ASIN/0887306136/chopaconline-20 |
| 942 |
_aNBS _cBK _k658 DRU |
||
| 999 |
_c347486 _d347486 |
||